000 00685nam a2200157Ia 4500
008 210719s2005 xx 000 0 und d
041 _aeng
082 _a658.8 AHMS
100 _aAHMED (Naveed)
245 _aStudy on demand of various pre-owned maruti cars in organised and unorganised market with reference to maruti true value Mangalore
260 _aMangalore
_bDepartment of Business Management St Aloysius College
_c2005
300 _a79
_bHB
650 _aProject Reports
650 _aProject Reports
906 _aand ; cars ; demand ; in ; Mangalore ; market ; maruti ; of ; on ; organised ; pre-owned ; reference ; Study ; to ; true ; unorganised ; value ; various ; with
999 _c215086
_d215086